MCU A-Z - Statistics

General Stats
  • This quiz has been taken 42 times
  • The average score is 20 of 26
Answer Stats
Letter Hint Answer % Correct
G Basically a walking treeMember of the Guardians of the Galaxy Groot
97%
N Where Tony built the Stark TowerLocation of the New Avengers Facility New York
94%
O Thor's father and Loki's adoptive fatherKilled by his very own daughter Hela Odin
94%
R That Raccoon Rocket
94%
M Nick Fury's assistant and trusty friendFormer Deputy Director of S.H.I.E.L.D. {Maria} Hill
91%
U The bad guy in Avengers 2 Ultron
91%
Z The actor of Gamora {Zoe} Saldana
91%
W Their king was T'ChallaWhere Thanos snapped his finger in 2018 Wakanda
88%
Q The Avenger JetThe very same model of jet that carried Hulk into Space Quinjet
85%
C Sif and Volstagg gave the Reality Stone for him to keepReal name is Taneleer Tivan The {Collector}
85%
T Thanos is a native of this planetWhere he fought with Dr. Strange, Iron Man, Spiderman and the Guardians of the Galaxy Titan
85%
V What Tony discovered in Iron Man 2The strongest metal on Earth Vibranium
85%
Y Centaurian leader of an exiled faction of the RavagersPeter Quill's 'daddy' Yondu
85%
F Jane's last name Jane {Foster}
82%
P "__________ balanced, as all things should be" - Thanos Perfectly
82%
K The next HawkeyeA girl who admires Hawkeye when Hawkeye saved her in 2012 {Kate} Bishop
79%
D The Destroyer Drax
73%
H Location of one of the three SanctumsWhere Dr. Strange revived Wong Hong Kong
73%
A Liquefied Reality StoneIt ran into Jane's body and 'kinda' caused Frigga's death Aether
70%
E Adoptive son of ThanosKilled by Iron Man when he blew a hole on the spaceship Ebony Maw
70%
S Where Thor met Hulk for the first time after Sokovia The ruler's called En Dwi Gast, or Grandmaster Sakaar
58%
X Headquarter of Nova EmpireWhere Thanos raided for the power stone Xandar
58%
L Where Captain America fought with Rumlow after S.H.I.E.L.D. was dissolvedLocated in a populated west African country Lagos
55%
B Panther goddess who gives the power of Black Panther to T'ChallaAlso the protector of the Panther Clan Bast
45%
J The middle name of Nick Fury Nicholas {Joseph} Fury
36%
I LoveChris Hemsworth's daughter {India} Rose Hemsworth
33%
No matching quizzes found
Score Distribution
Percent of People with Each Score
Percentile by Number Answered
Your Score History
You have not taken this quiz